000
00241nam a2200097Ia 4500
001
683180
005
20250826161433.0
008
250824s9999 xx 000 0 und d
245
0
_a
YARIN YAPAYALNIZ
_c
SELİM İLERİ
260
_b
EVEREST YAYINLARI
999
_c
683180
_d
683180